| Tag |
First Indicator |
Second Indicator |
Subfields |
| LEADER |
00000nam a2200000 a 4500 |
| 001 |
in00004754331 |
| 006 |
m|||||o||d|||||||| |
| 007 |
cr ||||||||||| |
| 008 |
130912s1995 enk fo| 000|0|eng|d |
| 005 |
20231120173527.6 |
| 020 |
|
|
|a 9781483326917 (ebook) :
|c No price
|
| 035 |
|
|
|a (OCoLC)875378850
|
| 035 |
|
|
|a (StDuBDS)EDZ0000158935
|
| 040 |
|
|
|a StDuBDS
|b eng
|c StDuBDS
|e pn
|
| 050 |
|
0 |
|a RA644.A25
|b A36284 1995
|
| 082 |
0 |
4 |
|a 616.9792008664
|2 23
|
| 245 |
0 |
0 |
|a AIDS, identity, and community :
|b the HIV epidemic and lesbians and gay men /
|c editors, Gregory M. Herek, Beverly Greene.
|
| 260 |
|
|
|a London :
|b SAGE,
|c 1995.
|
| 300 |
|
|
|a 1 online resource (xii, 239 pages).
|
| 336 |
|
|
|a text
|b txt
|2 rdacontent
|
| 337 |
|
|
|a computer
|b c
|2 rdamedia
|
| 338 |
|
|
|a online resource
|b cr
|2 rdacarrier
|
| 490 |
1 |
|
|a Psychological perspectives on lesbian and gay issues ;
|v 2
|
| 520 |
8 |
|
|a This title presents a dozen perspectives on how the AIDS epidemic has altered notions of belonging to a community based on sexual orientation. Drawing mostly from AIDS research among gay men and lesbians, they explore sexual behavior, personal identity, and community relationships. Some consider areas of low AIDS incidence, people of colour, and youths as specific groups.
|
| 521 |
|
|
|a Specialized.
|
| 588 |
|
|
|a Description based on print version record.
|
| 650 |
|
0 |
|a AIDS (Disease)
|
| 650 |
|
0 |
|a Lesbians
|x Sexual behavior.
|
| 650 |
|
0 |
|a Gays
|x Sexual behavior.
|
| 655 |
|
7 |
|a Electronic books.
|2 local
|
| 700 |
1 |
|
|a Herek, Gregory M.
|
| 700 |
1 |
|
|a Greene, Beverly.
|
| 710 |
2 |
|
|a Sage Publications.
|
| 776 |
0 |
8 |
|i Print version :
|z 9780803953604
|
| 830 |
|
0 |
|a Psychological perspectives on lesbian and gay issues ;
|v 2.
|
| 856 |
4 |
0 |
|u http://proxy.library.tamu.edu/login?url=https://sk.sagepub.com/books/aids-identity-and-community
|z Connect to the full text of this electronic book
|t 0
|
| 955 |
|
|
|a SAGE Knowledge
|
| 999 |
f |
f |
|s 84bf81b5-54b5-48d8-ad98-9d43a54434f7
|i 32ffbc29-5f37-4b98-9e57-dacf97554d3d
|t 0
|
| 952 |
f |
f |
|a Texas A&M University
|b College Station
|c Electronic Resources
|d Available Online
|t 0
|e RA644.A25 A36284 1995
|h Library of Congress classification
|
| 998 |
f |
f |
|a RA644.A25 A36284 1995
|t 0
|l Available Online
|